State with City of same name - Statistics

General Stats
  • This quiz has been taken 16 times
  • The average score is 8 of 13
Answer Stats
STATE % Correct
Oklahoma
93%
Iowa
86%
Kansas
86%
Missouri
71%
New York
71%
Arkansas
64%
Idaho
64%
Texas
64%
Nebraska
57%
Oregon
57%
California
29%
Delaware
29%
Minnesota
29%
No matching quizzes found
Score Distribution
Percent of People with Each Score
Percentile by Number Answered
Your Score History
You have not taken this quiz